Statistics for Spyro 3: Year of the Dragon: Levels

Click here to take the quiz!

General Stats

  • This quiz has been taken 140 times
    (89 since last reset)
  • The average score is 25 of 37

Answer Stats

RealmsAnswer% Correct
HomeworldsMidday Gardens
90%
HomeworldsMidnight Mountain
90%
HomeworldsEvening Lake
89%
First Homeworld RealmsCloud Spires
87%
Third Homeworld RealmsFireworks Factory
87%
Companion RealmsSheila's Alp
84%
First Homeworld RealmsSunny Villa
84%
HomeworldsSunrise Spring
83%
Third Homeworld RealmsLost Fleet
79%
Second Homeworld RealmsEnchanted Towers
76%
First Homeworld RealmsSeashell Shore
76%
Companion RealmsAgent 9's Lab
74%
Second Homeworld RealmsBamboo Terrace
74%
Second Homeworld RealmsSpooky Swamp
73%
Companion RealmsBentley's Outpost
71%
Companion RealmsSgt Byrd's Base
71%
Second Homeworld RealmsIcy Peak
69%
Fourth Homeworld RealmsDino Mines
67%
SpeedwaysHoney Speedway
67%
Boss RealmsBuzz's Dungeon
66%
First Homeworld RealmsMolten Crater
66%
SpeedwaysMushroom Speedway
66%
Fourth Homeworld RealmsHaunted Tomb
64%
Third Homeworld RealmsFrozen Altars
63%
Third Homeworld RealmsCharmed Ridge
60%
Boss RealmsSpike's Arena
59%
Boss RealmsSorceress's lair
57%
Fourth Homeworld RealmsCrystal Islands
56%
Fourth Homeworld RealmsDesert Ruins
53%
Fourth Homeworld RealmsSuper Bonus Round
53%
Sparx RealmsCrawdad Farm
51%
SpeedwaysHarbour Speedway
51%
Boss RealmsScorch's Pit
51%
SpeedwaysCountry Speedway
49%
Sparx RealmsSpider Town
47%
Sparx RealmsBugbot Factory
44%
Sparx RealmsStarfish Reef
37%

Score Distribution

Percentile by Number Answered

Percent of People with Each Score

Your Score History

You have not taken this quiz since the last reset